| 000 | 00466nam a22001817a 4500 | ||
|---|---|---|---|
| 003 | MPLRDC | ||
| 005 | 20220104143301.0 | ||
| 008 | 210129b ||||| |||| 00| 0 eng d | ||
| 020 | _a957-98717-7-9 | ||
| 082 | _a855 KLS | ||
| 100 | _a卡拉丝 | ||
| 245 |
_a在纲路上遇见爱情 _c |
||
| 250 | _a一版一刷 | ||
| 260 |
_a台湾 _b元尊文化企业股份有限公司 _c1997 |
||
| 300 | _b平 | ||
| 650 | _a散文;随笔、日记 | ||
| 942 |
_cBK _o855 KLS |
||
| 999 |
_c38386 _d38376 |
||